00701nam a22001817a 450000500170000001000150001702000270003203500140005903700130007308200290008610000280011524501380014325000150028126000400029627001450033630000280048149000100050920240313144005.0 aENG-138025 a9789392038334c1695.00 aEN-121557 bDBAD/PUB a011.310954512First 2022 aBhattacharjee, Amalendu aA Descriptive Catalogue of the Manuscripts of South Assam:bThe Collections of the Normal school, Silchar/cBy Amalendu Bhattacharjee aFirst 2022 aAssambEBH Publishers (India)c2021 bAssama136, M.L. Nehru Road, Panbazar, Guwahatie781001k+913612513876k+913612519231k9207045352l+913612519231measternbookhouse@gmail.com a276p.c24cm(hbk)bindex aVol 1